000 00288nam a22001337a 4500
008 180115b xxu||||| |||| 00| 0 eng d
020 _a9780762205158
041 _aeng
080 _a37
100 _a46
101 _aEDU
245 _aHOT WORDS HOT TOPICS
_cHILL.M
942 _2udc
_cBK
999 _c40245
_d40245